Redacció i presentació d'informes : manual de consulta / [text: Núria Altés Juan i Xavier Pejó Orellana] manual de consulta / [text:
Descripción Física:
71 p. ; 30 cm
Colección:
Manuals de formació municipal ; 4
Otros Autores:
Pejó Orellana, Xavier
MARC
| LEADER | 00000nam a2200000Ia 4500 | ||
|---|---|---|---|
| 001 | 14666 | ||
| 008 | 160829s2002 xx 000 0 cat d | ||
| 080 | |a M-4-263 | ||
| 100 | |a Altés Juan, Núria |9 23638 | ||
| 245 | |a Redacció i presentació d'informes : |b manual de consulta / [text: |b Núria Altés Juan i Xavier Pejó Orellana] | ||
| 260 | |a [Barcelona] : |b Diputació de Barcelona, |c 2002 | ||
| 300 | |a 71 p. ; |c 30 cm | ||
| 490 | |a Manuals de formació municipal ; 4 | ||
| 590 | |a Bibliografia, referències bibliogràfiques. | ||
| 590 | |a Glossari. | ||
| 590 | |a A la coberta: Diputació de Barcelona, Xarxa de Municipis, Àrea de Règim Interior, Hisenda i Planificació | ||
| 650 | |a Informes |x Redacció |9 23643 | ||
| 650 | |a Català administratiu |9 23641 | ||
| 700 | |a Pejó Orellana, Xavier |9 23642 | ||
| 710 | |a Barcelona (Catalunya : Província). |b Àrea de Règim Interior, Hisenda i Planificació |9 53667 | ||
| 901 | |a Arxiu | ||
| 942 | |n 1 | ||
| 952 | |0 0 |1 0 |4 0 |6 M4263 |7 1 |9 42790 |a Arxiu |b Arxiu |d 2016-12-01 |l 0 |o M-4-263 |p 14666 |r 2016-12-01 00:00:00 |w 2016-12-01 |y ARXIU | ||
| 999 | |c 45296 |d 45296 | ||